LEADER 00915nam a22002531i 4500 001 991000818769707536 005 20040203130626.0 008 040220s1972 it |||||||||||||||||ita 035 $ab12675064-39ule_inst 035 $aARCHE-067340$9ExL 040 $aDip.to Scienze pedagogiche$bita$cA.t.i. Arché s.c.r.l. Pandora Sicilia s.r.l. 082 04$a320.1 100 1 $aSalvucci, Pasquale$0152729 245 10$aAdam Ferguson :$bsociologia e filosofia politica /$cPasquale Salvucci 260 $aUrbino :$bArgalia,$c1972 300 $a613 p. ;$c24 cm 440 0$aStudi filosofici 650 4$aFerguson, Adam 907 $a.b12675064$b02-04-14$c17-03-04 912 $a991000818769707536 945 $aLE022 MP 76 B 20$g1$i2022000088473$lle022$o-$pE0.00$q-$rl$s- $t0$u0$v0$w0$x0$y.i13184556$z17-03-04 996 $aAdam Ferguson$9273475 997 $aUNISALENTO 998 $ale022$b17-03-04$cm$da $e-$fita$git $h0$i1 LEADER 01301nam 2200385 450 001 9910818832103321 005 20191122082710.0 010 $a3-8382-7338-9 035 $a(CKB)4100000009183684 035 $a(MiAaPQ)EBC5964028 035 $a(PPN)253200687 035 $a(EXLCZ)994100000009183684 100 $a20191122d2019 uy 0 101 0 $aeng 135 $aurcnu|||||||| 181 $ctxt$2rdacontent 182 $cc$2rdamedia 183 $acr$2rdacarrier 200 10$aMigration as a (geo-)political challenge in the post-Soviet space $eborder regimes, policy choices, visa agendas /$fOlga R. Gulina ; with a foreword by Nils Muiz?nieks 210 1$aStuttgart :$cIbidem-Verlag,$d[2019] 210 4$d©2019 215 $a1 online resource (146 pages) 225 1 $aSoviet and post-Soviet politics and society ;$v212 410 0$aSoviet and post-Soviet politics and society ;$v212. 607 $aFormer Soviet republics$xEmigration and immigration 676 $a304.80947 700 $aGulina$b Olga R.$01723598 702 $aMuiz?nieks$b Nils 801 0$bMiAaPQ 801 1$bMiAaPQ 801 2$bMiAaPQ 906 $aBOOK 912 $a9910818832103321 996 $aMigration as a (geo-)political challenge in the post-Soviet space$94124989 997 $aUNINA